Responses for show #6745 - Friday, January 3, 2014

Contestants

[<< previous game]

Lee May, a merchandising manager originally from Roanoke, Virginia

Ilissa Gold, an attorney originally from Nashville, Tennessee

Sarah Olson, a project coordinator from El Cerrito, California (whose 1-day cash winnings total $10,600)

[next game >>]

Jeopardy! Round responses

CHANGE YOU CAN BELIEVE IN
MUSICAL INSTRUMENTS
CRY FOWL!
ACTORS WHO WRITE
ANSWERS IN ABUNDANCE
(Alex: The word "abundance" has 9 letters, and each correct response will be made up of those letters.)
IN OLD NEW MEXICO
(Kelly: [*], outside Santa Fe, El Rancho de las Golondrinas re-creates life the way it was a century or two or three ago.)
    $200 4
the dime

Lee
    $200 3
silk

Ilissa
    $200 11
(Alex: [*] is right. That's the fowl.)

goose

Lee
    $200 1
Matt Damon & Ben Affleck

Sarah
    $200 19
(Ilissa: What are beans?)
...
(Alex: There's no "S" in "abundance", and each correct response is made up of the letters you find in the word "abundance".)

bean

SarahIlissa
    $200 26
corn

Lee
    $400 6
Lady Liberty

Lee
    $400 5
the ukulele

Ilissa
    $400 13
chicken

Lee
    $400 2
George Clooney

Lee
    $400 20
a Dane

Ilissa
    $400 27
a burro

Sarah
    $1,000 8
(Ilissa: What is the isle of enchantment?)

Puerto Rico

Ilissa
    $600 7
a xylophone

Ilissa
    $600 14
swan

Lee
    $600 16
Mel Gibson

Lee
    $600 21
cub

Lee
    $600 28
(Alex: And it was known as [*], the Royal Road.)

El Camino Real

Triple Stumper
    $800 9
Benjamin Franklin

Lee
    $800 10
Stradivarius

Ilissa
    $800 15
duck

Sarah
    $800 24
Sean Penn

Lee
    $800 22
Danube

Sarah
    $800 29
the Navaho

Lee
    $1000 18
Sacajawea

Lee
    $1000 12
(Lee: What is the piano?)
(Sarah: What is the guitar?)

the harp

SarahLee
Triple Stumper
    $1000 17
(Sarah: What is pigeon?)

pheasant

SarahLee
    $1000 25
Seth Rogen

Lee
    $1000 23
a nuance

Ilissa
    $1000 30
(Alex: And those are [*] sheep.)

churro

Triple Stumper

Scores at the first commercial break (after clue 15):

Sarah Ilissa Lee
$0 $1,000 $2,000

Scores at the end of the Jeopardy! Round:

Sarah Ilissa Lee
$400 $2,200 $8,000

Double Jeopardy! Round responses

QUOTABLE PLAYS
NAME THAT FOOD!
BASEBALL: THE 1950s
CANADIAN PROVINCES
PARTS OF SPEECH
THE HISTORIC SEÑOR-"A" OR SEÑORIT-"A"
    $400 11
Driving Miss Daisy

Ilissa
    $400 1
Crepe Suzette

Sarah
    $400 26
Hank Aaron

Lee
    $400 3
(Sarah: What is Saskatchewan?)

Ontario

SarahLee
    $400 16
nouns

Sarah
    $400 21
Cleopatra

Ilissa
    $800 12
The Elephant Man

Sarah
    $800 2
Kaiser

Lee
    $800 4
Prince Edward Island

Lee
    $800 17
(Lee: What are pronouns?)
(Sarah: What are articles?)

adjectives

SarahLee
Triple Stumper
    $800 22
Isabella

Ilissa
    $2,000 13
The Miracle Worker

Sarah
    $1200 8
(Lee: What is flambé?)

Foster

SarahLee
    $1200 5
Nova Scotia

Lee
    $1200 18
(Alex: Now is the time for [*], yes.)

articles

Sarah
    $4,200 23
(Alex: Oh, thank you for giving me the first name.)

Lucrezia Borgia

Ilissa
    $1600 14
(Lee: What is Death Of A Salesman?)

Our Town

SarahLee
    $1600 9
(Nellie) Melba

Sarah
    $1600 28
(Lee: Who is Sandburg?)
...
(Alex: Who is... let's play two... [*]?)
[The end-of-round signal sounds.]

Ernie Banks

Lee
Triple Stumper
    $1600 6
British Columbia

Lee
    $1600 19
(Ilissa: What is adjective?)

a conjunction

SarahIlissa
    $1600 24
Donna Shalala

Triple Stumper
    $2000 15
Much Ado About Nothing

Sarah
    $2000 10
Newberg

Sarah
    $2000 27
Bobby Thomson

Triple Stumper
    $2000 7
(Alex: Yes, now is the time for that one.)

Saskatchewan

Ilissa
    $2000 20
adverb

Triple Stumper
    $2000 25
Carlota

Triple Stumper

Scores at the end of the Double Jeopardy! Round:

Sarah Ilissa Lee
$14,000 $8,400 $8,000

[wagering suggestions for these scores]

Final Jeopardy! Round responses

20th CENTURY QUOTATIONS
LeeWhat is democracy?
$7,500
IlissaWhat is democracy?
$8,399
SarahWhat is democracy?
$2,801
democracy

Final scores:

Sarah Ilissa Lee
$16,801 $16,799 $15,500
2-day champion: $27,401 2nd place: $2,000 3rd place: $1,000

Game dynamics:

Coryat scores:

Sarah Ilissa Lee
$13,200 $6,400 $8,000
16 R
(including 1 DD),
4 W
11 R
(including 1 DD),
3 W
(including 1 DD)
21 R,
5 W

Combined Coryat: $27,600

The J! Archive is created by fans, for fans. The Jeopardy! game show and all elements thereof, including but not limited to copyright and trademark thereto, are the property of Jeopardy Productions, Inc. and are protected under law. This website is not affiliated with, sponsored by, or operated by Jeopardy Productions, Inc. Join the discussion at JBoard.tv.